000 00762nam a2200277Ia 4500
003 OSt
005 20221005093626.0
006 a|||||r|||| 00| 0
007 ta
008 221004b |||||||| |||| 00| 0 eng d
020 _a821401165
024 _a40443
037 _cTextual
040 _aCRL
_cCRL
_beng
041 _2eng
_aeng
082 _aO111,1M09:gx, L5
100 _aPalmer D J Ed.
110 _aGift from Prof Amitava Banerjee, London
245 0 _aTennyson
260 _aOhio
_bOhio University Press Ohio
_c1975
300 _a279p.
_ccm.
650 _aENGLISH LITERATURE
700 _aGift from Prof Amitava Banerjee, London
942 _hO111,1M09:gx, L5
_cTEXL
_2cc
999 _c1000743
_d1000743